مفاتيح الجنان : المعرب طبقا لمتون الاحاديث ونصوص المصادر

Bibliographic Details
Main Author: قمي، عباس بن محمد رضا (Author)
Other Authors: نجفي، محمد رضا النوري (Editor)
Format: Book
Language:Arabic
Published: بيروت : موسسة الاعلمى للمطبوعات [date of publication not identified]
Subjects:

MARC

LEADER 00000cam a2200000 7i4500
001 0000100821
005 20231022093000.0
008 220120s le ara
040 |a UniSZA   |e rda 
050 0 0 |a BP183.3   |b .Q6 
090 0 0 |a BP183.3   |b .Q6 
100 1 |a قمي، عباس بن محمد رضا ,   |e author 
241 1 0 |a Mafatih al-jinan   |b al-mu'rib tibqan al-ahadith wa-nusus al-masadir 
245 1 0 |a مفاتيح الجنان :   |b المعرب طبقا لمتون الاحاديث ونصوص المصادر   |c تاليف الحاج شيخ عباس القمى طاب ثراه تعريب، السيد محمد رضا النوري النجفي 
264 1 |a بيروت :   |b موسسة الاعلمى للمطبوعات   |c [date of publication not identified] 
300 |a 611 pages ;   |c 23 cm. 
336 |a text  |2 rdacontent 
337 |a unmediated  |2 rdamedia 
338 |a volume  |2 rdacarrier 
650 0 |a Islam   |x Prayers and devotions 
650 0 |a Prayer   |x Islam 
700 1 |a نجفي، محمد رضا النوري ,   |e editor 
999 |a 1000183504   |b Book   |c OPEN SHELF (30 DAYS)   |e Gong Badak Campus